Φίλμ : περιοδική έκδοση ανάλυσης & θεώρησης του κινηματογράφου

Saved in:
Bibliographic Details
Format: Book
Language:Greek
Published: Αθήνα : Καστανιώτη, 1980
Subjects:
Tags: Add Tag
No Tags, Be the first to tag this record!

MARC

LEADER 00000nam a2200000 i 4500
001 1/56875
008 941103s1980 gre d
035 |a 1994  |c ΒΙΒΛΙΟΘΗΚΗ  |l 10045643 
040 |a GR-MY-UA  |b gre  |e aacr 
041 0 |a gre 
082 0 |a 791.43 
245 1 0 |a Φίλμ :  |b περιοδική έκδοση ανάλυσης & θεώρησης του κινηματογράφου /  |c συνεργάτες τεύχους Γ. Αναστασιάδης, Μπ. Ακτσόγλου, Εμ. Ζάχος 
260 |a Αθήνα :   |b Καστανιώτη,   |c 1980 
300 |a 127 σ.;  |b εικ.;  |c 21 εκ. 
505 0 |a τ.21. Κριτική - Σημειολογία 
650 0 0 |a Motion pictures  |x Reviews. 
650 0 0 |a Motion picture plays  |x History and criticism  |x Reviews. 
650 0 0 |a Art and motion pictures  |x Reviews. 
852 |a INST  |b SAMOS  |e 19941103  |h 791.43 ΦΙΛ  |p 005300006627  |q 005300006627  |t BK  |y 0  |z τ.21 
852 |a INST  |b SAMOS  |e 19941103  |h 791.43 ΦΙΛ  |p 005300006627  |q 005300006627  |t BK  |v τ.21:  |y 0  |z τ.21 
853 |a INST  |b SAMOS  |h 791.43 ΦΙΛ 
909 |a Σ  |b 034680